[Event "Jaffna op"]
[Site "Jaffna"]
[Date "2023.12.10"]
[Round "6"]
[White "Bhavanan, J."]
[Black "Sivathanujan, S."]
[Result "0-1"]
[WhiteElo "1435"]
[BlackElo "1813"]
[PlyCount "61"]
[EventDate "2023.12.08"]
[EventType "swiss"]
[EventRounds "10"]
[EventCountry "SRI"]
[SourceTitle "CBM 217 Extra"]
[Source "ChessBase"]
[SourceDate "2024.01.31"]
[SourceVersion "1"]
[SourceVersionDate "2024.01.31"]
[SourceQuality "1"]

1. d4 d5 2. c4 e5 3. dxe5 d4 4. Nf3 Nc6 5. h3 Be6 6. Bg5 Qd7 7. Nbd2 h6 8. Bf4 g5 9. Bg3 0-0-0 10. a3 Nge7 11. e4 dxe3 12. fxe3 Nf5 13. Bf2 Bg7 14. g4 Nfe7 15. Qc2 Nxe5 16. Nxe5 Bxe5 17. Bg2 Qd3 18. 0-0-0 Qxc2+ 19. Kxc2 f5 20. gxf5 Nxf5 21. e4 Nd4+ 22. Bxd4 Rxd4 23. b3 Bf7 24. Nb1 Bg6 25. Rxd4 Bxd4 26. Rd1 c5 27. Nc3 Rf8 28. Rd2 Rf4 29. Nb5 Be3 30. Re2 a6 31. Rxe3 0-1